| 000 | 003560000a22001570004500 | ||
|---|---|---|---|
| 005 | 20120302062826.0 | ||
| 942 | _cBOOK | ||
| 100 | _a GOKHALE , GOVIND SEETARAM | ||
| 245 | _a DNYANSAGARATIL SHIMPALE | ||
| 250 | _a 4 TH | ||
| 260 | _aPUNE : YASHAWANT PRAKASHAN , 1975 | ||
| 300 | _a232 P. | ||
| 040 | _aMAR | ||
| 365 | _bRS.5/- | ||
| 650 | _aSANKIRNA | ||
| 999 |
_c357776 _d357773 |
||